Julesalmer - Statistics

General Stats
  • This quiz has been taken 89 times
  • The average score is 4 of 15
Answer Stats
Strofe Sang % Correct
Guld, røgelse og myrra skær Et barn er født i Betlehem
83%
Slægt skal følge slægters gang Dejlig er jorden
54%
Grenen fra livets træ Julen har bragt velsignet bud
42%
En jomfru var hans moder En rose så jeg skyde
29%
Oksen kyssed barnets fod Barn Jesus i en krybbe lå
27%
Jesusbarnet blandt os bor Glade jul, dejlige jul
25%
Flammeord og Himmel-dåb Det kimer nu til julefest
23%
Ære være Gud for sit julebud Julen har englelyd
23%
Vi løber dig med sang imod Her kommer, Jesus, dine små
21%
Der har min tro sin skat Mit hjerte altid vanker
21%
Englenes øjne kan funkle Kimer, I klokker
19%
Kom, lad os ham tilbede Kom, alle kristne
19%
Vor hytte er lav og så vor dør Velkommen igen, Guds engle små
19%
Lad tornene rive og nage Den yndigste rose er funden
17%
Triumfen fra det høje Hør, hvor englesangen toner
6%
No matching quizzes found
Score Distribution
Percent of People with Each Score
Percentile by Number Answered
Your Score History
You have not taken this quiz